All players who played in fortnite world cup solo - Statistics

General Stats
  • This quiz has been taken 341 times
  • The average score is 27 of 100
Answer Stats
Points and country Player % Correct
59 (USA) Bugha
99%
23 (UK) Mongraal
86%
19 (UK) Benjyfishy
73%
33 (South Korea) Psalm
71%
7 (USA) Tfue
71%
17 (Norway) MrSavage
70%
20 (USA) Clix
62%
30 (Argentina) K1nG
62%
30 (USA) Kreo
59%
1 (Austria) aqua
58%
32 (USA) Epikwhale
58%
21 (USA) Dubs
55%
26 (France) Skite
49%
11 (USA) Megga
46%
26 (France) Nayte
46%
27 (Sweden) Crue
44%
22 (Austria) stompy
44%
19 (France) Kinstaar
40%
16 (Canada) Zayt
39%
14 (Poland) teeq
38%
16 (Germany) Letshe
36%
16 (Iraq) Issa
35%
19 (USA) Bizzle
33%
24 (USA) Riversan
33%
2 (France) Snayzy
32%
11 (USA) Bucke
30%
12 (Poland) JarkoS
30%
19 (Norway) Endretta
29%
20 (USA) Commandment
28%
20 (South Korea) Peterpan
28%
1 (Australia) Twins
27%
21 (Finland) BELAEU
26%
24 (Canada) Fatch
26%
23 (Sweden) Tchub
26%
14 (Belgium) DRG
25%
1 (USA) Reverse2k
25%
23 (USA) Rhux
25%
20 (Latvia) Domentos
24%
21 (USA) Pika
24%
2 (France) Robabz
24%
3 (France) BlastR
23%
4 (France) Blax
23%
0 (USA) Funk
23%
12 (Brazil) Nicks
23%
16 (USA) Vivid
23%
17 (Slovenia) K1nzell
22%
16 (Japan) Takamura
22%
6 (USA) UnknownxArmy
22%
13 (Denmark) Klusia
21%
14 (Sweden) LeftEye
21%
11 (Russia) letw1k3
21%
15 (USA) Storm
21%
11 (USA) Ceice
20%
3 (Poland) LuKi
20%
19 (Czech Republic) Skailer
20%
0 (South Korea) Arius
19%
12 (South Korea) Hood.J
19%
3 (New Zealand) Link
19%
1 (Japan) Maufin
19%
5 (USA) snow
19%
12 (USA) ClarityG
18%
0 (Argentina) Clipnode
18%
16 (Germany) Fwexy
18%
18 (Brazil) kurtz
18%
13 (Sweden) wakie
18%
1 (Australia) Cat
17%
12 (China) Evilmare
17%
16 (USA) RogueShark
17%
12 (USA) Arkhram1x
16%
14 (Spain) DiegoGB
16%
18 (USA) Klaas
16%
12 (Ireland) Lolb0om
16%
3 (czech republic) Marteen
16%
5 (South Korea) Faxfox
15%
0 (USA) Herrions
15%
12 (Brazil) leleo
15%
4 (USA) Luneze
15%
4 (New Zealand) slaya
15%
14 (UK) smeef
15%
11 (USA) Aspect
14%
10 (South Korea) Banny
14%
13 (UK, Scotland) CoreGamingg
14%
10 (Germany) Emqu
14%
11 (Germany) Fledermoys
14%
2 (Finland) Karhu
14%
4 (Germany) LYGHT
14%
16 (USA) Pzuhs
14%
5 (Brazil) DrakoNz
13%
1 (USA) Hornet
13%
2 (USA) Astonish
12%
14 (Canada) kolorful
12%
13 (USA) Chenkinz
11%
5 (Sweden) Erouce
11%
6 (Brazil) Lasers
11%
1 (USA) Nittle
11%
6 (Australia) Sozmann
11%
4 (USA) Touzii
11%
2 (USA) Legedien
10%
13 (Spain) Prisi0n3ro
8%
6 (USA) Kawzmik
7%
No matching quizzes found
Score Distribution
Percent of People with Each Score
Percentile by Number Answered
Your Score History
You have not taken this quiz